00735nam a22002417a 450000500170000001000130001702000100003003500130004003700160005304000120006908200130008110000250009424500480011926000350016727000360020230000280023865000280026665000280029470000100032294200220033299900190035495201200037320170124110026.0 aB-063166 c00.00 aB-063166 bCen Lib/Ret aDPLbEN a574bVOH aVohra, Deepak920735 aNatures fact fantasy /cby Deepak Vohrab  aNew DelhibUBSpublishersc1994 aAnsari Road bNew Delhie110002 a134p. :c21cm(Hb)bill. a Natural Science920736 aNatural history 920737 920680 2ddccENh574mVOH c127523d127523 00104070aLbLd2015-06-29eCen Lib/Retg0.00l0o574 VOHpB-063166r2015-06-29 00:00:00t1v0.00w2015-06-29yEN